[Event "Baden-Baden"]
[Site "Baden-Baden"]
[Date "1981.??.??"]
[Round "?"]
[White "Miles, Anthony J"]
[Black "Roos, Louis"]
[Result "1-0"]
[WhiteElo "2565"]
[BlackElo "2370"]

1.d4 e6 2.Nf3 f5 3.g3 Nf6 4.Bg2 Be7 5.O-O O-O 6.c4 d6 7.b3 a5 8.Nc3 Qe8 9.e3 Na6
10.Bb2 Bd8 11.a3 c6 12.b4 e5 13.b5 Nb8 14.Nd2 Bc7 15.bxc6 bxc6 16.Nb5 Na6
17.Nxc7 Nxc7 18.c5 exd4 19.Bxd4 d5 20.Qc2 Qh5 21.Nf3 Ne6 22.Rfb1 f4 23.exf4 Ne4
24.Be3 g5 25.Nxg5 N6xg5 26.fxg5 Bf5 27.Qd1 Bg4 28.Qd4 Rf7 29.Qe5 h6 30.Bd4 hxg5
31.f3 Rh7 32.Rb8+ Rxb8 33.Qxb8+ Kf7 34.fxe4 Qxh2+ 35.Kf1 Kg6 36.Qg8+ Kh6
37.Qf8+ Kg6 38.Qf6+ Kh5 39.Be3 Be2+ 40.Kf2  1-0

[Event "Baden-Baden"]
[Site "Baden-Baden"]
[Date "1981.??.??"]
[Round "?"]
[White "Unzicker, Wolfgang"]
[Black "Miles, Anthony J"]
[Result "1/2-1/2"]
[WhiteElo "2505"]
[BlackElo "2565"]

1.Nf3 c5 2.c4 Nf6 3.Nc3 e6 4.g3 d5 5.cxd5 Nxd5 6.Bg2 Nc6 7.O-O Be7 8.d4 Nxc3
9.bxc3 O-O 10.Rb1 Qc7 11.Bf4 Bd6 12.Bxd6 Qxd6 13.Qa4 cxd4 14.cxd4 Rb8 15.Rfd1 Bd7
16.Ne5 Nxe5 17.dxe5 Bxa4 18.Rxd6 b6 19.Rb4 Be8 20.Be4 Rc8 21.f4 g6 22.Kf2 Rc5
23.Ke3 Ra5 24.Rd2 Bb5 25.Rdb2 Ba6 26.Rc2 Rc8 27.Rxc8+ Bxc8 28.Rd4 Kg7 29.a4 Rc5
30.Bd3 Kf8 31.Rd8+ Ke7 32.Rh8 h5 33.Bb5 Bd7 34.Ra8 Bxb5 35.axb5 Rxb5 36.Rxa7+ Kf8
37.Rb7 Rb2 38.Kf3 b5 39.Ke3 b4 40.Kf3 b3 41.Ke3 Ke8 42.Kd3 Kf8 43.Ke3 Kg7
44.Kf3 Rb1 45.Rb8 b2 46.Kg2  1/2-1/2

[Event "Baden-Baden"]
[Site "Baden-Baden"]
[Date "1981.??.??"]
[Round "?"]
[White "Miles, Anthony J"]
[Black "Honfi, Karoly"]
[Result "1/2-1/2"]
[WhiteElo "2565"]
[BlackElo "2390"]

1.g3 g6 2.Bg2 Bg7 3.d4 d5 4.Nf3 Nf6 5.c4 O-O 6.O-O Nc6 7.Ne5 dxc4 8.Nxc6 bxc6
9.Na3 Be6 10.Qc2 Nd5 11.Rd1 Nb4 12.Qc3 c5 13.Bxa8 Qxa8 14.Qe1 Bh3 15.d5 c3
16.bxc3 Nxd5 17.f3 Nxc3 18.Bh6 Nxd1 19.Bxg7 Kxg7 20.Rxd1 Rd8 21.Qc3+ Kg8
22.Rc1 Qd5 23.Kf2 Qxa2 24.Qxc5 Qe6 25.Qxa7 Rd2 26.Qe3 Qd7 27.Ke1 Rd5 28.Nc4 Kg7
29.Kf2 f6 30.Qa3 Be6 31.Ne3 Rd6 32.Qc5 c6 33.Ra1 Bf7 34.Ra7 Qe6 35.Rc7 h5
36.Qa7 Kf8 37.Qb8+ Kg7 38.Ra7 Rd2 39.Ra8 g5 40.g4 hxg4 41.Qh8+ Kg6 42.fxg4 Rd4
43.Qh3 Rf4+ 44.Kg1 Qe4 45.Qh5+ Kg7 46.Qh8+ Kg6  1/2-1/2

[Event "Porz"]
[Site "Porz"]
[Date "1981.??.??"]
[Round "?"]
[White "Tal, Mihail"]
[Black "Miles, Anthony J"]
[Result "1-0"]
[WhiteElo "2560"]
[BlackElo "2565"]

1.e4 c6 2.d4 d5 3.Nd2 dxe4 4.Nxe4 Nd7 5.Nf3 Ngf6 6.Ng3 e6 7.Bd3 Be7 8.Qe2 O-O
9.O-O b6 10.c4 Bb7 11.Bf4 Re8 12.Rad1 c5 13.dxc5 bxc5 14.Ne5 Qb6 15.Bxh7+ Nxh7
16.Rxd7 g6 17.b4 Bc8 18.bxc5 Qxc5 19.Ne4 Qb6 20.Qf3 Qb2 21.Nxf7 Qg7 22.Nh6+ Kh8
23.Rc7 Rf8 24.Rxe7  1-0

[Event "Porz"]
[Site "Porz"]
[Date "1981.??.??"]
[Round "?"]
[White "Gerusel, Mathias"]
[Black "Miles, Anthony J"]
[Result "0-1"]
[WhiteElo "2380"]
[BlackElo "2565"]

1.d4 Nc6 2.d5 Ne5 3.f4 Ng6 4.e4 e6 5.Nf3 exd5 6.exd5 Bc5 7.Qd3 d6 8.Be2 Nf6
9.Nc3 O-O 10.Bd2 Ng4 11.Nd1 Re8 12.h3 Nf6 13.g4 Ne4 14.Rh2 Nh4 15.Ng5 Nxg5
16.fxg5 Qe7 17.Qg3 Bg1 18.Rf2 Bxf2+ 19.Qxf2 Qe4 20.Ne3 Qh1+ 21.Bf1 Nf3+ 22.Kd1 Nxg5  0-1

[Event "Porz"]
[Site "Porz"]
[Date "1981.??.??"]
[Round "?"]
[White "Miles, Anthony J"]
[Black "Knezevic, Milorad"]
[Result "1/2-1/2"]
[WhiteElo "2565"]
[BlackElo "2460"]

1.e4 e5 2.Nc3 Bc5 3.Bc4 d6 4.Na4 Nf6 5.Nxc5 dxc5 6.d3 O-O 7.Ne2 Nc6 8.Bd2 Qd6
9.O-O Be6 10.b3 Nd4 11.Nxd4 Qxd4 12.Bxe6 fxe6 13.Qe2 Nd7 14.Qe3 Qd6 15.Qg3 Rf7
16.Bc3 Raf8 17.Rae1 Rf4 18.Qg5 R4f6 19.Re3 Rg6 20.Qh5 Rh6 21.Qd1 Nb8 22.Rg3 Nc6
23.Rg5 Nd4 24.Qg4 Rf7 25.Bxd4 Qxd4 26.Qg3 Rhf6 27.h4 Rf4 28.h5 h6 29.Rg6 R4f6
30.a4 b6 31.Rxf6 Rxf6 32.Qg4 a6 33.Qe2 Rf8 34.g3 a5 35.Kg2 c6 36.Qd2 Rd8
37.Re1 c4 38.bxc4 Qxc4 39.Qxh6 gxh6 40.dxc4 Rd4 41.Rb1 Rxe4 42.Rxb6 Rxc4
43.Ra6 Rc5 44.g4 e4 45.Kg3 Rc3+ 46.Kf4 Rxc2 47.Kxe4 Rxf2 48.Rxc6 Ra2 49.Rc4 Kf7
50.Ke5 Re2+ 51.Kf4 Ra2 52.Rc7+ Kg8 53.Rc4 Kf7 54.Kg3 Ra3+ 55.Kh4 Ra1 56.Rf4+ Kg7
57.Rd4 Kf7 58.Kg3 e5 59.Rc4 Ra3+ 60.Kf2 Kf6 61.Ke2 Kg5 62.Kd2 Rg3 63.Re4 Kf6
64.Rc4 Kg5  1/2-1/2

[Event "Porz"]
[Site "Porz"]
[Date "1981.??.??"]
[Round "?"]
[White "Miles, Anthony J"]
[Black "Troeger, Paul"]
[Result "1-0"]
[WhiteElo "2565"]
[BlackElo "2325"]

1.d4 e6 2.c4 d5 3.Nc3 c6 4.Bf4 Bd6 5.Bxd6 Qxd6 6.e4 dxe4 7.c5 Qe7 8.Nxe4 Nf6
9.Nd6+ Kd8 10.Nf3 Ne8 11.Nc4 b5 12.Na5 Qc7 13.Qd2 Nd7 14.Ne5 Nxe5 15.dxe5+ Ke7
16.Qd6+ Qxd6 17.cxd6+ Kd7 18.Rc1 f6 19.f4 g5 20.g3 gxf4 21.Bg2 Rb8 22.Bxc6+ Kd8
23.d7 Bxd7 24.Rd1  1-0

[Event "Porz"]
[Site "Porz"]
[Date "1981.??.??"]
[Round "?"]
[White "Ostermeyer, Peter"]
[Black "Miles, Anthony J"]
[Result "0-1"]
[WhiteElo "2415"]
[BlackElo "2565"]

1.d4 Nf6 2.c4 e6 3.Nf3 b6 4.g3 Ba6 5.Nbd2 Bb4 6.Qc2 Bb7 7.Bg2 Be4 8.Qa4 Nc6
9.e3 a6 10.O-O Bd3 11.Ne5 Nxe5 12.dxe5 Bxd2 13.Bxd2 Ne4 14.Bxe4 Bxe4 15.f3 Bc6
16.Qc2 Qg5 17.Qc3 f6 18.exf6 gxf6 19.e4 Qg6 20.c5 b5 21.Rf2 h5 22.Rg2 O-O-O
23.a4 Kb7 24.axb5 axb5 25.h4 Ra8 26.Ra3 f5 27.e5 Rxa3 28.bxa3 Ra8 29.Qd3 Qg7
30.Qe3 Qe7 31.Qc3 Ra4 32.Bg5 Qf8 33.Rb2 Qa8 34.Bc1 Kc8 35.Rb4 Bxf3 36.Rxb5 Qd5
37.Qb3 Qxb3 38.Rxb3 Bd5 39.Rc3 Re4 40.Bf4 Re2 41.Kf1 Ra2 42.Ke1 Kb7 43.Bd2 Kc6
44.Bg5 Rb2 45.Bd8 Bb3 46.Bg5 Ba4 47.Bd8 Bb5 48.Kd1 Re2 49.Bf6 Re4 50.Kc1  0-1

[Event "Porz"]
[Site "Porz"]
[Date "1981.??.??"]
[Round "?"]
[White "Hort, Vlastimil"]
[Black "Miles, Anthony J"]
[Result "1-0"]
[WhiteElo "2595"]
[BlackElo "2565"]

1.d4 Nf6 2.c4 e6 3.Nc3 Bb4 4.Bg5 c5 5.d5 d6 6.e3 Qe7 7.Ne2 exd5 8.a3 Bxc3+
9.Nxc3 dxc4 10.Bxc4 Be6 11.Nb5 Bxc4 12.Nxd6+ Kf8 13.Nxc4 Nc6 14.O-O Qe6 15.Qd6+ Qxd6
16.Nxd6 b6 17.Rac1 Nd7 18.Rfd1 f6 19.Bf4 Nce5 20.b4 cxb4 21.axb4 a5 22.bxa5 bxa5
23.Rc7 h5 24.h3 g5 25.Bxe5 Nxe5 26.f4 gxf4 27.exf4 Ng6 28.Nf5 Nxf4 29.Rd6 Rg8
30.Rxf6+ Ke8 31.Nd6+ Kd8 32.Rff7 Rxg2+  1-0

[Event "Ramsgate op"]
[Site "Ramsgate"]
[Date "1981.??.??"]
[Round "?"]
[White "Law, Andrew P"]
[Black "Miles, Anthony J"]
[Result "1-0"]
[WhiteElo "2380"]
[BlackElo "2590"]

1.d4 e6 2.e4 d5 3.Nc3 Bb4 4.e5 b6 5.Qg4 Bf8 6.a4 Ne7 7.Nf3 Qd7 8.a5 Nbc6
9.Bb5 a6 10.axb6 cxb6 11.O-O Rb8 12.Ba4 b5 13.Bb3 b4 14.Ne2 a5 15.Ng3 Ba6
16.Re1 Bb5 17.c3 a4 18.Bc2 b3 19.Bb1 Na5 20.Nh5 Ng6 21.Ng5 a3 22.Rxa3 Bxa3
23.Nxg7+ Kd8 24.bxa3 Kc7 25.Qf3 b2 26.Bxb2 Bc4 27.Bxg6 hxg6 28.Qxf7 Rxb2
29.N7xe6+ Kc8 30.Qxg6 Kb8 31.f4 Nb7 32.f5 Bd3 33.Qg7 Qe8 34.f6 Rg8 35.Qxg8 Qxg8
36.f7 Qg6 37.f8=Q+ Ka7 38.Qf6 Qh5 39.Qf3 Qh4 40.Qg3  1-0

[Event "Ramsgate op"]
[Site "Ramsgate"]
[Date "1981.??.??"]
[Round "?"]
[White "Taulbut, Shaun M"]
[Black "Miles, Anthony J"]
[Result "1/2-1/2"]
[WhiteElo "2380"]
[BlackElo "2590"]

1.e4 c6 2.d4 d5 3.e5 Bf5 4.Nc3 Qd7 5.Nge2 e6 6.Ng3 Ne7 7.Be3 Qc7 8.Bd3 Bxd3
9.cxd3 Nd7 10.O-O g6 11.Rb1  1/2-1/2

[Event "Amsterdam"]
[Site "Amsterdam"]
[Date "1982.??.??"]
[Round "3"]
[White "Miles, Anthony J"]
[Black "Van der Vliet, Fred"]
[Result "1-0"]
[WhiteElo "2565"]
[BlackElo "2390"]

1.d4 Nf6 2.c4 e6 3.Nf3 b6 4.a3 c5 5.d5 Ba6 6.Qc2 exd5 7.cxd5 Bb7 8.e4 Qe7
9.Nc3 Nxd5 10.Nb5 a6 11.Bg5 f6 12.O-O-O Nb4 13.Nc7+ Kd8 14.axb4 Kxc7 15.Bf4+ Kd8
16.e5 Nc6 17.exf6 gxf6 18.Bc4 Nd4 19.Nxd4 cxd4 20.Rhe1 Qxb4 21.Bf7 Bd6 22.Bxd6 Qxd6
23.Kb1 Rc8 24.Qa4 Rc7 25.Rxd4 Qc5 26.g4 Bc6 27.Qd1 Rf8 28.Bb3 Kc8 29.Re3 Kb7
30.Rc4 Qg5 31.f4 Qh4 32.h3 Qf2 33.Qd4 h6 34.Ka2 b5 35.Rc2 Qg1 36.Bd5 Re8
37.Rxc6 dxc6 38.Bxc6+ Rxc6 39.Qd7+ Rc7 40.Qd5+ Ka7 41.Rxe8 Qc5 42.Qa8+ Kb6
43.Re6+ Rc6 44.Qb8+ Ka5 45.Qd8+ Rc7 46.Re4 Qc6 47.Rd4 Qe6+ 48.Rd5 Qe7 49.Qxe7 Rxe7
50.Rh5 Re4 51.f5 Ra4+ 52.Kb1 Rf4 53.Rxh6 Rf1+ 54.Ka2 b4 55.Rxf6 Kb5 56.Re6 a5
57.Re2 a4 58.b3  1-0

[Event "Amsterdam"]
[Site "Amsterdam"]
[Date "1982.??.??"]
[Round "6"]
[White "Langeweg, Kick"]
[Black "Miles, Anthony J"]
[Result "0-1"]
[WhiteElo "2395"]
[BlackElo "2565"]

1.d4 Nc6 2.c4 e5 3.d5 Nce7 4.e4 Ng6 5.Be3 Nf6 6.f3 Bb4+ 7.Nd2 Qe7 8.Qe2 O-O
9.Qf2 d6 10.Bd3 Nh5 11.a3 Bc5 12.Bxc5 dxc5 13.O-O-O Bd7 14.g3 c6 15.Ne2 cxd5
16.exd5 f5 17.Nc3 a6 18.Rhe1 Nf6 19.Nf1 Qd6 20.Qc2 e4 21.fxe4 f4 22.gxf4 Qxf4+
23.Kb1 Ne5 24.Ng3 Nfg4 25.Nf5 g6 26.Ne7+ Kg7 27.Ne2  0-1

[Event "Amsterdam"]
[Site "Amsterdam"]
[Date "1982.??.??"]
[Round "7"]
[White "Miles, Anthony J"]
[Black "King, Daniel J"]
[Result "1-0"]
[WhiteElo "2565"]
[BlackElo "2430"]

1.d4 Nf6 2.Nc3 d5 3.Bg5 Nbd7 4.Nf3 g6 5.e3 Bg7 6.Bd3 O-O 7.O-O b6 8.e4 dxe4
9.Nxe4 Bb7 10.Qe2 h6 11.Bf4 Nxe4 12.Bxe4 Bxe4 13.Qxe4 Nf6 14.Qe2 e6 15.Rad1 Qc8
16.Rfe1 Qb7 17.h3 Rad8 18.c4 a6 19.b3 Kh7 20.Be5 Ne8 21.Rd3 Nd6 22.Bxg7 Kxg7
23.Qe5+ Kh7 24.Nh2 Ne8 25.Qf4 Qc6 26.Ng4 h5 27.Qh6+ Kg8 28.Ne5 Qd6 29.Nf3 Nf6
30.Ng5 Rfe8 31.Rf3 Qxd4 32.Nxf7 Kxf7 33.Qh7+ Kf8 34.Qxg6 Ke7 35.Qg7+ Kd6
36.Rxf6  1-0

[Event "Amsterdam"]
[Site "Amsterdam"]
[Date "1982.??.??"]
[Round "8"]
[White "Miles, Anthony J"]
[Black "Hort, Vlastimil"]
[Result "0-1"]
[WhiteElo "2565"]
[BlackElo "2600"]

1.d4 Nf6 2.Nc3 d5 3.Bg5 Bf5 4.Bxf6 gxf6 5.e3 e6 6.Nge2 Bd6 7.Nb5 Be7 8.Ng3 Bg6
9.c4 c6 10.Nc3 h5 11.Nge2 Bd6 12.Qb3 Na6 13.c5 Bxc5 14.Nf4 Be7 15.Bxa6 bxa6
16.Qb7 Qc8 17.Qb3 Rb8 18.Qd1 Rxb2 19.O-O Qb7 20.Nd3 Bxd3 21.Qxd3 f5 22.Rab1 O-O
23.g3 a5 24.Qe2 Rxe2 25.Rxb7 Rc2 26.Rxe7 Rxc3 27.Rb1 Rc2 28.a3 Ra2 29.Rxa7 Rxa3
30.Kg2 Ra2 31.Rb6 a4 32.Rxc6 Rb8 33.Rcc7 Rf8 34.Re7 a3 35.Kf3 Ra1 36.h3 Ra2
37.h4 Ra1 38.Kf4 Ra2 39.f3 Rf2 40.Rxa3 Kg7 41.Ra6 Kf6 42.Rd7 Rg8 43.e4  0-1

[Event "Amsterdam"]
[Site "Amsterdam"]
[Date "1982.??.??"]
[Round "9"]
[White "Van Mil, Johannes A J"]
[Black "Miles, Anthony J"]
[Result "0-1"]
[WhiteElo "2315"]
[BlackElo "2565"]

1.e4 c5 2.Nf3 d6 3.d4 cxd4 4.Nxd4 Nf6 5.Nc3 g6 6.Bc4 Bg7 7.h3 O-O 8.Bb3 a6
9.O-O Nbd7 10.Re1 Qc7 11.Bg5 Re8 12.Qd2 b6 13.Bh6 Ne5 14.Bxg7 Kxg7 15.Qe2 Bb7
16.f4 Nc6 17.Nf3 Na5 18.Qf2 Qc5 19.e5 Nh5 20.Nd4 Nxb3 21.axb3 dxe5 22.Rxe5 Qc7
23.Rae1 Rad8 24.Nd1 Nf6 25.c3 e6 26.Qg3 Rd5 27.Nf2 Red8 28.Qh4 Rxd4 29.cxd4 Rxd4
30.Ng4 Nxg4 31.Qxg4 Qd6 32.Qg3 Qb4 33.f5 Rd2 34.R1e2 exf5 35.Qc3 Rd1+ 36.Re1 Rd4
37.Re7 Be4 38.Re2 Kf8 39.Rc7 h5 40.Kf2 Kg8 41.Rc8+ Kg7 42.Rc4 Qxc3 43.bxc3 Rd1
44.Rb4 b5 45.c4 h4 46.cxb5 axb5 47.Rbxe4 fxe4 48.Rxe4 Rd2+ 49.Kf1 Kf6 50.Rxh4 Ke5
51.Rb4 Rd5 52.Ke2 f5 53.g3 g5 54.Ke3 Ke6 55.Rd4 Re5+ 56.Kf3 Rc5 57.Ke3 Rc3+
58.Rd3 Rc1 59.Rd4 Ke5 60.Rb4 Rc3+ 61.Kf2 Rc5 62.Ke3 Rd5 63.h4 g4 64.Rf4 Rc5
65.Rb4 Kf6 66.Kf2 Re5 67.Rd4 Ke6 68.Rd3 Rc5 69.Ke2 Rc2+ 70.Rd2 Rc3 71.Rd3 b4
72.Kd2 f4 73.Rd4 fxg3 74.Rxg4 Rxb3 75.h5 Kf5 76.Rg8 Kf4 77.h6 Rb2+ 78.Ke1 Rh2
79.Rb8 Rh1+ 80.Ke2 g2 81.Rf8+ Ke4  0-1

[Event "Bundesliga 8182"]
[Site "Germany"]
[Date "1982.??.??"]
[Round "?"]
[White "Borik, Otto"]
[Black "Miles, Anthony J"]
[Result "1/2-1/2"]
[WhiteElo "2410"]
[BlackElo "2565"]

1.d4 Nf6 2.c4 e6 3.Nc3 Bb4 4.e3 c5 5.Ne2 cxd4 6.exd4 Ne4 7.Qc2 d5 8.a3 Nxc3
9.Nxc3 Be7 10.cxd5 exd5 11.Nxd5 Nc6 12.Nxe7 Qxe7+ 13.Be3 Nxd4 14.Qc3 Ne6
15.Be2 O-O 16.O-O b6 17.Qb4 Qf6 18.a4 Bb7 19.a5 Rab8 20.axb6 axb6 21.Rfd1 Rfc8
22.Bf1 Rc2 23.Qd6 Rd8  1/2-1/2

[Event "Phillips&Drew"]
[Site "London"]
[Date "1982.??.??"]
[Round "?"]
[White "Ljubojevic, Ljubomir"]
[Black "Miles, Anthony J"]
[Result "0-1"]
[WhiteElo "2645"]
[BlackElo "2575"]

1.e4 c5 2.Nc3 Nc6 3.g3 g6 4.Bg2 Bg7 5.d3 d6 6.Be3 b5 7.e5 Bb7 8.exd6 exd6
9.Nxb5 Nge7 10.Nc3 Qb6 11.Rb1 Ne5 12.Nf3 Nxf3+ 13.Bxf3 Bxc3+ 14.bxc3 Bxf3
15.Qxf3 Qxb1+ 16.Kd2 Qb8 17.Rb1 Qd8 18.Bg5 f6 19.Bxf6 O-O 20.Rb7 Rc8 21.Rxa7 Rc7
22.Ra6 Qd7 23.g4 Qe6 24.g5 Nd5 25.Qg3 Re8  0-1

[Event "Phillips&Drew"]
[Site "London"]
[Date "1982.??.??"]
[Round "?"]
[White "Mestel, A Jonathan"]
[Black "Miles, Anthony J"]
[Result "1/2-1/2"]
[WhiteElo "2500"]
[BlackElo "2575"]

1.e4 c6 2.Nc3 d5 3.d4 dxe4 4.Nxe4 Nd7 5.Nf3 Ngf6 6.Nxf6+ Nxf6 7.Ne5 Nd7 8.Nd3 g6
9.c3 Bg7 10.Be2 e5 11.dxe5 Nxe5 12.Nxe5 Qxd1+ 13.Bxd1 Bxe5 14.Bh6 Be6 15.Bb3 Bxb3
16.axb3 Kd7 17.O-O-O+ Kc7 18.Rhe1 Rhe8 19.Re3 Bd6 20.Red3 Rad8 21.Bg5 Be7
22.Bf4+ Kc8  1/2-1/2

[Event "Phillips&Drew"]
[Site "London"]
[Date "1982.??.??"]
[Round "?"]
[White "Karpov, Anatoly"]
[Black "Miles, Anthony J"]
[Result "1-0"]
[WhiteElo "2720"]
[BlackElo "2575"]

1.e4 c5 2.Nf3 d6 3.d4 cxd4 4.Nxd4 Nf6 5.Nc3 g6 6.Be3 Bg7 7.f3 O-O 8.Qd2 Nc6
9.g4 Be6 10.O-O-O Nxd4 11.Bxd4 Qa5 12.a3 Rab8 13.h4 Rfc8 14.Nd5 Qxd2+ 15.Rxd2 Bxd5
16.exd5 a6 17.Be2 Nd7 18.f4 Nc5 19.Rh3 Rc7 20.Re3 b5 21.Bxg7 Kxg7 22.Rd4 a5
23.b4 Na4 24.bxa5 Nc3 25.Bf1 Kf8 26.Kb2 Rbc8 27.Kb3 Rc5 28.a6 Nxd5 29.Rxd5 Rxd5
30.Rc3 Rd8 31.Rc7 Rd1 32.Bxb5 e5 33.a7 exf4 34.Rb7 Rb1+ 35.Ka4 Rxb5 36.Rxb5 f3
37.Rb8 f2 38.Rxd8+  1-0

[Event "Phillips&Drew"]
[Site "London"]
[Date "1982.??.??"]
[Round "?"]
[White "Miles, Anthony J"]
[Black "Short, Nigel D"]
[Result "0-1"]
[WhiteElo "2575"]
[BlackElo "2430"]

1.g3 Nf6 2.Bg2 d5 3.Nf3 c6 4.O-O Bf5 5.d3 e6 6.Nbd2 h6 7.Qe1 Be7 8.e4 Bh7
9.Qe2 O-O 10.b3 a5 11.a4 Na6 12.Bb2 Nb4 13.Ne1 b5 14.exd5 exd5 15.Ndf3 Re8
16.Qd2 Bd6 17.Nd4 Qb6 18.Nef3 bxa4 19.bxa4 Nd7 20.Rfb1 Qc7 21.Qc3 Ne5 22.Nh4 f6
23.Bh3 Rab8 24.Nhf5 Bf8 25.Ne3 Qf7 26.Nb3 c5 27.d4 Nf3+ 28.Kf1 Nxc2 29.Nxc5 Nxa1
30.Rxa1 Bxc5  0-1

[Event "Phillips&Drew"]
[Site "London"]
[Date "1982.??.??"]
[Round "?"]
[White "Miles, Anthony J"]
[Black "Spassky, Boris V"]
[Result "1/2-1/2"]
[WhiteElo "2575"]
[BlackElo "2605"]

1.Nf3 Nf6 2.c4 g6 3.Nc3 Bg7 4.e4 d6 5.d4 O-O 6.Be2 c5 7.O-O Bg4 8.d5 Nbd7
9.Bf4 a6 10.a4 Qc7 11.Qd2 Rfe8 12.h3 Bxf3 13.Bxf3 e6 14.dxe6 Rxe6 15.Rfd1 Ne5
16.Bxe5 dxe5 17.a5 Bf8 18.Nd5 Nxd5 19.cxd5 Rf6 20.Rdc1 b5 21.axb6 Rxb6 22.Be2 Rbb8
23.Ra2 a5 24.Bc4 Rb4 25.b3 Bd6 26.Rca1 Qd8 27.Qd3 Kg7 28.g3 Bc7 29.d6 Qxd6
30.Qxd6 Bxd6 31.Bd5 Ra7 32.Rxa5 Rxa5 33.Rxa5 Be7 34.Ra7 Kf8 35.Bc4 Rb8 36.Kf1 Rd8
37.Bd5 f5 38.f3 fxe4 39.fxe4 Rd6 40.Ke2 g5 41.Kf3 h5 42.Ke2 Ke8 43.Ra5 Rf6
44.Ra8+ Kd7 45.Rh8 h4 46.gxh4 gxh4 47.Rxh4 Rf2+ 48.Kxf2 Bxh4+ 49.Kf3 Ke7
50.Kg4 Be1 51.Kf5 Bg3 52.Bc4 Kd6 53.Kg5 Bf4+ 54.Kf6 Bg3 55.Bb5 Be1 56.Kg5 Bd2+
57.Kf5 Be1 58.Bc4 Bf2 59.Kg5 Be3+ 60.Kg4 Bf2 61.h4 Ke7 62.Kg5 Kf8 63.h5 Kg7
64.Kf5 Bd4  1/2-1/2

[Event "Lloyds Bank op"]
[Site "London"]
[Date "1982.??.??"]
[Round "1"]
[White "Bowden, Karl"]
[Black "Miles, Anthony J"]
[Result "0-1"]
[WhiteElo "2200"]
[BlackElo "2565"]

1.e4 Nc6 2.Nc3 e5 3.Bc4 Nf6 4.d3 Na5 5.Nge2 Be7 6.O-O O-O 7.Ng3 c6 8.a3 Nxc4
9.dxc4 d6 10.Qd3 Re8 11.Re1 Bf8 12.h3 Be6 13.Be3 g6 14.Rad1 Qc7 15.Kh1 Rad8
16.Bg5 Bg7 17.b3 h6 18.Bxf6 Bxf6 19.Qf3 Bg5 20.Rd3 a6 21.a4 Bc8 22.Red1 Re6
23.Qe2 Qb6 24.Kg1 Qc5 25.Rb1 a5 26.Rbd1 Rf6 27.Nf1 h5 28.Nh2 Kh7 29.Rf3 Rxf3
30.Nxf3 Be7 31.Rd3 Kg7 32.Qd2 Rh8 33.Qe2 Bd8 34.Qd2 Bc7 35.Nh4 Re8 36.Rg3 Bb6
37.Nd1 Qd4 38.Qe2 Kf8 39.c3 Qc5 40.Qf3 Ke7 41.Nxg6+ fxg6 42.Rxg6 Be6 43.Qxh5 Kd7
44.Rg7+ Re7 45.Qg5 Rxg7 46.Qxg7+ Kc8 47.h4 Qa3 48.h5 Qc1 49.Qf8+ Kc7 50.Qf3 Qg5
51.Nb2 Qc1+ 52.Nd1 Bd7 53.b4 axb4 54.cxb4 Bd4 55.Kh2 Qf4+ 56.Qxf4 exf4 57.h6 Kd8
58.f3 Ke7 59.h7 Kf7 60.Nf2 Kg7 61.Nd3 Be5 62.g3 fxg3+ 63.Kg2 Be6 64.f4 Bd4
65.c5 Bc4 66.Ne1 dxc5 67.bxc5 Kxh7 68.Kxg3 Bxc5 69.Kg4 b5  0-1

[Event "Lloyds Bank op"]
[Site "London"]
[Date "1982.??.??"]
[Round "2"]
[White "Miles, Anthony J"]
[Black "Dlugy, Maxim"]
[Result "1-0"]
[WhiteElo "2565"]
[BlackElo "2325"]

1.d4 d5 2.c4 e6 3.Nc3 c6 4.Bf4 dxc4 5.e3 b5 6.a4 b4 7.Nb1 Bd6 8.Bxd6 Qxd6
9.Nd2 Ba6 10.Qg4 Kf8 11.Bxc4 Nf6 12.Qe2 Bxc4 13.Nxc4 Qd5 14.Nf3 Nbd7 15.O-O Qh5
16.Rac1 Ke7 17.Nce5 Nxe5 18.dxe5 Nd5 19.e4 Nb6 20.Qd2  1-0

[Event "Lloyds Bank op"]
[Site "London"]
[Date "1982.??.??"]
[Round "3"]
[White "Zlotnikov, Mikhail"]
[Black "Miles, Anthony J"]
[Result "0-1"]
[WhiteElo "2355"]
[BlackElo "2565"]

1.c4 b6 2.Nc3 Bb7 3.e4 e6 4.d3 Bb4 5.Nf3 Ne7 6.Be2 O-O 7.O-O f5 8.e5 Ng6
9.d4 Nc6 10.Qc2 Nh4 11.Rd1 Nxf3+ 12.Bxf3 Qh4 13.g3 Qh3 14.Qe2 Bxc3 15.bxc3 f4
16.d5 Nxe5 17.Qxe5 fxg3 18.hxg3 Rxf3 19.Be3 Raf8 20.Rd4 exd5 21.cxd5 R3f5
22.Qe4 Rh5 23.g4 Qh2+ 24.Kf1 Re5 25.Qg2 Qxg2+ 26.Kxg2 Rxd5 27.Rxd5 Bxd5+
28.Kh2 d6 29.Rd1 Be6 30.Kg3 a5 31.a3 h6 32.Rd4 Re8 33.Re4 Bf7 34.f3 Rxe4
35.fxe4 Kf8 36.Kf4 Be6 37.Bd4 Kf7 38.Bf2 g5+ 39.Kf3 Bb3 40.Bd4 c5 41.Bh8 Bd1+
42.Kg3 b5 43.c4 b4  0-1

[Event "Lloyds Bank op"]
[Site "London"]
[Date "1982.??.??"]
[Round "4"]
[White "Johansson, Per"]
[Black "Miles, Anthony J"]
[Result "1-0"]
[WhiteElo "2200"]
[BlackElo "2565"]

1.Nf3 d6 2.d4 Bg4 3.e4 Nf6 4.Nc3 e6 5.Bd3 Be7 6.O-O O-O 7.h3 Bh5 8.g4 Bg6
9.Nh4 e5 10.dxe5 dxe5 11.Qf3 Nc6 12.a3 Nd4 13.Qg2 Nd7 14.Nf5 Nc5 15.Be3 Nce6
16.Rad1 c6 17.Bc4 Qc7 18.Nxe7+ Qxe7 19.f4 Nxf4 20.Bxf4 Qc5 21.Bxf7+ Bxf7
22.Be3 Bc4 23.Rf5 Qd6 24.Bxd4 exd4 25.e5 Qd7 26.Qe4 c5 27.Ne2 Rxf5 28.gxf5 Bxe2
29.e6 Qb5 30.a4 Qa6 31.Rd2 Bh5 32.Rg2 Re8 33.Qe5 g6 34.Qf6 Rf8 35.Qe5 Qc6
36.f6 Rc8 37.f7+ Kf8 38.Rf2 Bf3 39.Qf6 Qc7 40.Rxf3 Rd8 41.e7+ Qxe7 42.Qh8+  1-0

[Event "Lloyds Bank op"]
[Site "London"]
[Date "1982.??.??"]
[Round "6"]
[White "Miles, Anthony J"]
[Black "Kudrin, Sergey"]
[Result "1-0"]
[WhiteElo "2565"]
[BlackElo "2480"]

1.d4 Nf6 2.c4 e6 3.Nf3 b6 4.a3 c5 5.d5 Ba6 6.Qc2 Qe7 7.Nc3 Bxc4 8.Bg5 exd5
9.e4 h6 10.Bxf6 Qxf6 11.exd5 Bxf1 12.Kxf1 d6 13.Re1+ Be7 14.Qa4+ Kf8 15.Qg4 Na6
16.Qd7 Rd8 17.Qxa7 Nb8 18.Qxb6 Nd7 19.Qb7 g6 20.Re3 Kg7 21.g3 Qf5 22.Kg2 Bf6
23.Ne4 Rb8 24.Qc6 Ne5 25.Nxe5 Bxe5 26.Rhe1 Rxb2 27.Rf3 Qc8 28.Nxd6 Bxd6 29.Qxd6 Rb7
30.Qf6+ Kh7 31.Re7  1-0

[Event "Lloyds Bank op"]
[Site "London"]
[Date "1982.??.??"]
[Round "7"]
[White "Ftacnik, Lubomir"]
[Black "Miles, Anthony J"]
[Result "1/2-1/2"]
[WhiteElo "2535"]
[BlackElo "2565"]

1.c4 b6 2.Nf3 Bb7 3.g3 c5 4.Bg2 g6 5.O-O Bg7 6.Nc3 Nc6 7.e3 Nf6 8.b3 d5 9.Bb2 O-O
10.Nxd5 Nxd5 11.Bxg7 Kxg7 12.cxd5 Qxd5 13.d4 Rfd8 14.Qb1 Rac8 15.e4 Qd6 16.d5 Nd4
17.Nxd4 cxd4 18.Qd3 Qc5 19.Rad1 e5 20.f4 f6 21.fxe5 fxe5 22.Bh3 Rc7 23.Be6 Qc3
24.Qe2 Qe3+ 25.Qxe3 dxe3 26.Rfe1 Rc3 27.Rc1 Rxc1 28.Rxc1 Ba6 29.Re1 e2 30.Bg4 Bd3
31.Bxe2 Bxe4 32.Bc4 Bf3 33.Rxe5 Kf6 34.Re6+ Kf5 35.Re7 Bxd5 36.Bxd5 Rxd5
37.Rxa7 Rd1+ 38.Kg2 Rd2+ 39.Kh3 h5 40.Rf7+ Ke5 41.Rb7 Rxa2 42.Rxb6 Kf5  1/2-1/2

[Event "Lloyds Bank op"]
[Site "London"]
[Date "1982.??.??"]
[Round "8"]
[White "Miles, Anthony J"]
[Black "Keene, Raymond D"]
[Result "1-0"]
[WhiteElo "2565"]
[BlackElo "2505"]

1.e4 c5 2.Nf3 d6 3.Nc3 Nc6 4.d4 cxd4 5.Nxd4 g6 6.Be3 Nf6 7.f3 Bg7 8.Qd2 O-O
9.g4 Be6 10.O-O-O Nxd4 11.Bxd4 Qa5 12.a3 Rfc8 13.h4 Rab8 14.Nd5 Qxd2+ 15.Rxd2 Bxd5
16.exd5 a6 17.Bh3 Nd7 18.g5 Rc7 19.Bxd7 Rxd7 20.h5 Bxd4 21.Rxd4 gxh5 22.Rxh5 Rc8
23.c3 Rc5 24.Kd2 Rdc7 25.Ke3 Rc4 26.Rd2 R7c5 27.f4 Ra4 28.Rdh2 Rxd5 29.Rxh7 Rf5
30.Rh8+ Kg7 31.R2h7+ Kg6 32.Rh4 Kg7 33.R8h7+ Kf8 34.b3 Rxa3 35.Rh8+ Kg7 36.Ke4 e6
37.Rb8 d5+ 38.Kd3 Rxf4 39.Rxf4 Rxb3  1-0

[Event "Lloyds Bank op"]
[Site "London"]
[Date "1982.??.??"]
[Round "9"]
[White "Hort, Vlastimil"]
[Black "Miles, Anthony J"]
[Result "1/2-1/2"]
[WhiteElo "2600"]
[BlackElo "2565"]

1.d4 Nf6 2.Nf3 d5 3.c4 c6 4.cxd5 cxd5 5.Nc3 Nc6 6.Bf4 Bf5 7.e3 e6 8.Bd3 Bxd3
9.Qxd3 Bd6 10.Bxd6 Qxd6 11.O-O O-O 12.Rac1  1/2-1/2

[Event "Luzern ol (Men)"]
[Site "Luzern"]
[Date "1982.??.??"]
[Round "2"]
[White "Miles, Anthony J"]
[Black "Liu Wenzhe"]
[Result "1-0"]
[WhiteElo "2565"]
[BlackElo "2400"]

1.d4 Nf6 2.c4 c5 3.d5 e6 4.Nc3 exd5 5.cxd5 d6 6.e4 g6 7.Bd3 Bg7 8.Nge2 O-O
9.O-O b6 10.f3 Ba6 11.Bxa6 Nxa6 12.Bg5 Qe8 13.Qd2 Nd7 14.Rae1 Ne5 15.b3 c4
16.Rb1 b5 17.b4 Nd3 18.a3 Nc7 19.Bh6 Bxh6 20.Qxh6 a5 21.Nd4 axb4 22.axb4 Ra3
23.Qd2 Rxc3 24.Qxc3 Nxd5 25.Qd2 Qe5 26.Nc6 Qf4 27.Qxf4 N5xf4 28.Nd4 Rb8 29.g3 Ne6
30.Nc2 Rd8 31.Ne1 Nxe1 32.Rfxe1 Nd4 33.Kf2 Nc6 34.Red1 Ne5 35.Ke3 Nd3 36.Kd4 Kg7
37.Kc3 d5 38.exd5 Rxd5 39.Ra1 Rh5 40.Rd2 Re5 41.Ra5 Nc1 42.Rd7 Nb3 43.Rxb5 Rxb5
44.Kxc4 Rf5 45.Kxb3 Rxf3+ 46.Kc4 Rf2 47.h4 Rc2+ 48.Kb3 Rc1 49.b5 Kf6 50.Kb4 Ke6
51.Rd4 f5 52.b6 h6 53.Kb5 Rb1+ 54.Rb4 Rxb4+ 55.Kxb4 Kd7 56.Kc5 g5 57.Kd5  1-0

[Event "Luzern ol (Men)"]
[Site "Luzern"]
[Date "1982.??.??"]
[Round "3"]
[White "Andersson, Ulf"]
[Black "Miles, Anthony J"]
[Result "1/2-1/2"]
[WhiteElo "2610"]
[BlackElo "2565"]

1.c4 b6 2.Nf3 Bb7 3.b3 e6 4.Bb2 c5 5.e3 Nf6 6.Be2 Be7 7.O-O O-O 8.Nc3 d5
9.cxd5 Nxd5 10.d4 Nd7 11.Nxd5 Bxd5 12.Rc1 Qb8 13.Bb5 Rd8 14.Qe2 Qb7 15.Ba6 Bxf3
16.gxf3 Qd5 17.Rfd1 Qg5+ 18.Kh1 Bf6 19.b4 cxd4  1/2-1/2